000 01338nam a2200325 a 4500
001 ebr10015581
003 CaPaEBR
006 m u
007 cr cn|||||||||
008 961217s1997 hiuab sb s001 0 eng
010 _z 96053034
020 _z0824818636 (cloth : acid-free paper)
020 _z082481911X (pbk. : acid-free paper)
040 _aCaPaEBR
_cCaPaEBR
035 _a(OCoLC)607899218
050 1 4 _aG155.A74
_bT66 1997eb
082 0 4 _a338.4/791504429
_221
245 0 0 _aTourism, ethnicity, and the state in Asian and Pacific societies
_h[electronic resource] /
_cedited by Michel Picard and Robert E. Wood.
260 _aHonolulu, Hawaii :
_bUniversity of Hawai'i Press,
_cc1997.
300 _axi, 259 p. :
_bill., maps.
504 _aIncludes bibliographical references and index.
533 _aElectronic reproduction.
_bPalo Alto, Calif. :
_cebrary,
_d2013.
_nAvailable via World Wide Web.
_nAccess may be limited to ebrary affiliated libraries.
650 0 _aTourism
_zAsia.
650 0 _aTourism
_zPacific Area.
655 7 _aElectronic books.
_2local
700 1 _aPicard, Michel,
_d1946-
700 1 _aWood, Robert Everett,
_d1944-
710 2 _aebrary, Inc.
856 4 0 _uhttp://site.ebrary.com/lib/rucke/Doc?id=10015581
_zAn electronic book accessible through the World Wide Web; click to view
999 _c27903
_d27903